Complete the Movie Title (1945) - Statistics

General Stats
  • This quiz has been taken 10 times
  • The average score is 18 of 25
Answer Stats
Hint Answer % Correct
_____ Aweigh Anchors
100%
The _____ of St. Mary’s Bells
100%
And Then There Were _____ None
100%
The _____ of Dorian Gray Picture
100%
A _____ Grows in Brooklyn Tree
100%
Fallen _____ Angel
90%
The _____ Snatcher Body
90%
Brief _____ Encounter
90%
Blithe _____ Spirit
90%
The Lost _____ Weekend
90%
_____ Kidd Captain
80%
_____ in Connecticut Christmas
80%
Leave Her to _____ Heaven
80%
Without _____ Love
80%
Dead of _____ Night
80%
_____ from Marriage Vacation
80%
Our _____ Have Tender Grapes Vines
80%
_____ on a Train Lady
70%
_____ to Algiers Pursuit
50%
The Enchanted _____ Cottage
40%
The _____ of Fear House
40%
_____bound Spell
40%
_____ Fair State
40%
Scarlet _____ Street
30%
The Valley of _____ Decision
20%
No matching quizzes found
Score Distribution
Percent of People with Each Score
Percentile by Number Answered
Your Score History
You have not taken this quiz